00488 2200181 4500001002100000005001500021035002000036245005300056100002300109250000600132300003600138260004400174082001000218084001600228020001800244650002700262990001700289INLIS00000000000073220190219112051 a0010-02190000431 aBertanam Bunga Sedap Malam /cIr. Eko Warisdiono0 aIr. Eko Warisdiono a- avii, 30 hlm. :bilus. ;c21 cm. aJakarta :bPT Musi Perkasa Utama,c2005 a635.9 a635.9 Eko b a979-651-046-4 aBunga dan Tanaman Hias a02759/H/2018